Biblioteca

In the presence of my enemies (Registro nro. 67292)

Detalles MARC
000 -LÍDER
Campo fijo de descripción fija 01685pam a2200349 i 4500
001 - NÚMERO DE CONTROL
Campo de control 768714001
003 - IDENTIFICADOR DEL NÚMERO DE CONTROL
Campo de control CO-MdFUSB
005 - FECHA Y HORA DE LA ULTIMA TRANSACCIÓN
control field 20220804144921.0
007 - CAMPO FIJO DE DESCRIPCIÓN FIJA--INFORMACIÓN GENERAL
Campo fijo de descripción fija ta
008 - ELEMENTOS DE LONGITUD FIJA -- INFORMACIÓN GENERAL
Campo fijo de descripción fija -- Información general 220222t2003 -usabco| |||| 00| 0 eng d
020 ## - NÚMERO INTERNACIONAL NORMALIZADO PARA LIBROS
Número Internacional Normalizado del libro 0842381384
040 ## - FUENTE DE CATALOGACIÓN
Agencia de catalogación original DLC
Agencia que realiza la transcripción CO-MdFUSB
Agencia que realiza la modificación JQP
Idioma de catalogación spa
Convenciones de la descripción rda
041 ## - CÓDIGO DE IDIOMA
Código de idioma para texto/pista de sonido o título separado eng
082 ## - NÚMERO DE CLASIFICACIÓN DECIMAL DEWEY
Número de la edición del Dewey 23
Número de clasificación 266.0092
Clave de autor-Numero de item B966
100 1# - ASIENTO PRINCIPAL--NOMBRE PERSONAL
Nombre personal Burnham, Gracia.
Término relacionador autor
245 10 - TÍTULO
Título del Material In the presence of my enemies
Mención de responsabilidad, etc. / Gracia Burnham , Dean Merrill.
264 #1 - PRODUCCIÓN, PUBLICACIÓN, DISTRIBUCIÓN, MANUFACTURA, Y COPYRIGHT
Lugar de producción, publicación, distribución, manufactura Wheaton, Illinois. :
Nombre del productor, publicador, distribuidor Tyndale House Publishers,
Fecha de producción, publicación, distribución, manufactura, o copyright [2003]
264 #4 - PRODUCCIÓN, PUBLICACIÓN, DISTRIBUCIÓN, MANUFACTURA, Y COPYRIGHT
Fecha de producción, publicación, distribución, manufactura, o copyright © 2003
300 ## - DESCRIPCIÓN FÍSICA
Extensión 307 páginas. :
Otros detalles físicos ilustraciones a color, mapas ;
Dimensiones 24 cm.
336 ## - TIPO DE CONTENIDO
Fuente rdacontent
Término de tipo de contenido texto
Código de tipo de contenido txt
337 ## - TIPO DE MEDIO
Fuente rdamedia
Nombre del tipo de medio sin mediación
Código del tipo de medio n
338 ## - TIPO DE SOPORTE
Fuente rdacarrier
Nombre del tipo de soporte volumen
Código Tipo de soporte nc
505 ## - NOTA DE CONTENIDO
Nota de contenido con formato preestablecido Contenido: Incautados al amanecer -- Comienzos brillantes -- El tipo más agradable -- Novatos -- Los niños pequeños y el tráfico -- Los peligros de Palawan -- Hospital del horror -- La amenaza -- Abandonados -- Rodeado -- Una canción para los selva -- ¿Justicia o misericordia? -- 11 de septiembre -- Hora de la boda -- El paquete -- Noches silenciosas -- Tan cerca -- ¡Rescatado! -- Una tarde lluviosa -- La embajada -- De regreso a casa -- Reflexiones.
520 ## - NOTA DE RESUMEN, ETC.
Nota de sumario, etc. "Presenta un relato de primera mano sobre el secuestro de dos misioneros estadounidenses por parte del grupo terrorista Abu Sayyaf en Filipinas, un calvario de un año que terminó con la muerte del esposo de la autora, Martin Burnham".
563 ## - NOTA DE ENCUADERNACIÓN
Nota de encuadernación Rústico
600 10 - ASIENTO SECUNDARIO DE MATERIA - NOMBRE PERSONAL
Nombre personal Burnham, Gracia.
650 #0 - ASIENTO SECUNDARIO DE MATERIA - TERMINO TEMÁTICO
Término temático o nombre geográfico como elemento de entrada Biografías cristianas
9 (RLIN) 1238
700 1# - ASIENTO SECUNDARIO - NOMBRE PERSONAL
Nombre personal Merrill, Dean.
Responsabilidad autor
942 ## - TIPO DE MATERIAL (KOHA)
Tipo de Item KOHA Libros General
945 ## - INFORMACIÓN LOCAL DEL REGISTRO
Catalogador JTF-925
Existencias
Estado de Material Estado de Perdido Forma de Clasificación Estado de Dañado No para Préstamo Colección Biblioteca de Origen Biblioteca Permanente Fecha de Adquisición Área Total de Préstamos Signatura Topográfica Código de Barras Última vez visto Ejemplar/Existencia Fecha de Remplazo Tipo de Material
    Dewey Decimal Classification     Colección General Biblioteca FUSBC Biblioteca FUSBC 22/02/2022 HISTORIA   G 266.0092 B966i 11483 22/02/2022 Ej.1 22/02/2022 Libros General

Biblioteca FUSBC | Teléfono: (57+4) 349 88 10 Ext. 141| WhatsApp (+57) 3005338115 
E-mail: biblioteca@unisbc.edu.co | Calle 76 87-14 Robledo Palenque, Medellín, Colombia

Con tecnología Koha